भारत और उसके विरोधाभास / (Record no. 53054)

MARC details
000 -LEADER
fixed length control field 00671nam a2200205Ia 4500
005 - DATE AND TIME OF LATEST TRANSACTION
control field 20260429112233.0
008 - FIXED-LENGTH DATA ELEMENTS--GENERAL INFORMATION
fixed length control field 260429s9999||||xx |||||||||||||| ||und||
020 ## - INTERNATIONAL STANDARD BOOK NUMBER
International Standard Book Number 9789387462229
041 ## - LANGUAGE CODE
Language Hindi
082 ## - DEWEY DECIMAL CLASSIFICATION NUMBER
Classification number 330.54
Item number DRE
100 ## - MAIN ENTRY--PERSONAL NAME
Personal name द्रेज़, ज्यां
245 #0 - TITLE STATEMENT
Title भारत और उसके विरोधाभास /
Statement of responsibility, etc ज्यां द्रेज़
250 ## - EDITION STATEMENT
Edition statement 2nd ed.
260 ## - PUBLICATION, DISTRIBUTION, ETC. (IMPRINT)
Place of publication, distribution, etc दिल्ली :
Name of publisher, distributor, etc राजकमल प्रकाशन,
Date of publication, distribution, etc 2022.
300 ## - PHYSICAL DESCRIPTION
Extent 399 p.; Hb
650 ## - SUBJECT ADDED ENTRY--TOPICAL TERM
Topical term or geographic name as entry element Indian Economy
700 ## - ADDED ENTRY--PERSONAL NAME
Personal name कुमार, अशोक
700 ## - ADDED ENTRY--PERSONAL NAME
Personal name सेन,अमर्त्य
942 ## - ADDED ENTRY ELEMENTS (KOHA)
Koha item type Text Books
Holdings
Withdrawn status Lost status Damaged status Not for loan Collection code Home library Location Shelving location Date of Cataloging Source of acquisition Total Checkouts Full call number Barcode Date last seen Price effective from Koha item type
        Non-fiction CUTN Central Library CUTN Central Library Social Sciences 29/04/2026 Segment Book Distributors, New Delhi - Invoice No. 71458 on 09-02-2026   330.54 DRE 58221 29/04/2026 29/04/2026 Text Books